[Event "Santiago de Cali U2000 op"]
[Site "Cali"]
[Date "2024.12.30"]
[Round "7"]
[White "Manzano, Oscar"]
[Black "Ossa Quintero, Vladimir Andrey"]
[Result "0-1"]
[WhiteElo "1758"]
[BlackElo "1962"]
[PlyCount "90"]
[EventDate "2024.12.27"]
[EventType "swiss"]
[EventRounds "7"]
[EventCountry "COL"]
[SourceTitle "CB01_2025"]
[SourceDate "2025.01.01"]
[SourceVersion "1"]
[SourceVersionDate "2025.01.01"]
[SourceQuality "1"]

1. e4 d5 2. exd5 Nf6 3. Nc3 Nxd5 4. Nge2 Bg4 5. d3 Nc6 6. Nxd5 Qxd5 7. Be3 e5 8. Qd2 0-0-0 9. f3 Be6 10. a3 f5 11. Nc3 Qa5 12. Bg5 Rd7 13. Rd1 Qb6 14. Qc1 Bc5 15. Rd2 Bd4 16. Nd1 h6 17. Bh4 g5 18. Bf2 Bxf2+ 19. Rxf2 f4 20. Be2 Nd4 21. Nc3 h5 22. h3 Rg8 23. Ne4 Bf5 24. Bd1 Qg6 25. b4 g4 26. c3 Ne6 27. hxg4 hxg4 28. Be2 g3 29. Rff1 b6 30. Qc2 Rgd8 31. Rh4 Ng5 32. Rfh1 Rh7 33. Qa4 Rxh4 34. Rxh4 Kb8 35. Qb5 Bxe4 36. fxe4 f3 37. Qxe5 Nf7 38. Qf4 fxg2 39. Qe3 Qg5 40. Rf4 g1Q+ 41. Qxg1 Qxf4 42. Kd1 Ne5 43. Kc2 Rh8 44. Kb3 Rh2 45. d4 Qf2 0-1

[Event "Santiago de Cali U2000 op"]
[Site "Cali"]
[Date "2024.12.29"]
[Round "6"]
[White "Ossa Quintero, Vladimir Andrey"]
[Black "Hernandez David, Alejandro"]
[Result "1-0"]
[WhiteElo "1962"]
[BlackElo "1866"]
[PlyCount "74"]
[EventDate "2024.12.27"]
[EventType "swiss"]
[EventRounds "7"]
[EventCountry "COL"]
[SourceTitle "CB01_2025"]
[SourceDate "2025.01.01"]
[SourceVersion "1"]
[SourceVersionDate "2025.01.01"]
[SourceQuality "1"]

1. b3 Nf6 2. Bb2 e6 3. e3 Be7 4. f4 b6 5. Nf3 Bb7 6. Be2 c5 7. 0-0 0-0 8. Qe1 d6 9. Qg3 Nbd7 10. Nc3 Ne8 11. Bd3 Ndf6 12. Qh3 d5 13. g4 Ne4 14. g5 N8d6 15. Ne5 Nf5 16. Rad1 f6 17. g6 h6 18. Nf7 Qc8 19. Bxe4 dxe4 20. Ne2 Rxf7 21. gxf7+ Kxf7 22. Ng3 c4 23. Bc3 cxb3 24. axb3 Nxe3 25. dxe3 Qxc3 26. Ne2 Qc7 27. Nd4 f5 28. Qh5+ Kf6 29. Rf2 Bc5 30. Nxe6 Qe7 31. Nxc5 bxc5 32. Rfd2 Bc8 33. Rd8 c4 34. R1d6+ Be6 35. Rxe6+ Qxe6 36. Rxa8 Qd6 37. Rxa7 Qd8 1-0

[Event "Bogota Distrito Capital op-B"]
[Site "Bogota"]
[Date "2024.09.19"]
[Round "1"]
[White "Ossa Quintero, Vladimir Andrey"]
[Black "Fajardo, Icenover"]
[Result "1-0"]
[WhiteElo "1975"]
[BlackElo "1741"]
[PlyCount "61"]
[EventDate "2024.09.19"]
[EventType "swiss"]
[EventRounds "7"]
[EventCountry "COL"]
[SourceTitle "EXT 2025"]
[Source "ChessBase"]
[SourceDate "2024.10.14"]
[SourceVersion "1"]
[SourceVersionDate "2024.10.14"]
[SourceQuality "1"]

1. d4 Nf6 2. c4 c5 3. d5 d6 4. Nc3 g6 5. e4 Bg7 6. Bg5 Nbd7 7. f4 Qb6 8. Qd2 a6 9. Nf3 Nh5 10. g4 Nhf6 11. h3 h5 12. Rg1 Nh7 13. Bh4 hxg4 14. hxg4 Ndf6 15. Bh3 Qa5 16. Qc2 b5 17. e5 Nd7 18. e6 Bxc3+ 19. bxc3 Ndf8 20. exf7+ Kxf7 21. Kf2 bxc4 22. Rae1 Ra7 23. Re3 g5 24. Bxg5 Nxg5 25. Nxg5+ Ke8 26. Rge1 Bxg4 27. Qb1 Bxh3 28. Qb8+ Qd8 29. Qxa7 Bd7 30. Rxe7+ Qxe7 31. Qb8+ 1-0

[Event "American Continental Rapid 18th"]
[Site "Medellin"]
[Date "2024.06.01"]
[Round "8"]
[White "Arias Gaviria, Mario Alexis"]
[Black "Ossa Quintero, Vladimir Andrey"]
[Result "1-0"]
[WhiteElo "2259"]
[BlackElo "1975"]
[PlyCount "75"]
[EventDate "2024.06.01"]
[EventType "swiss (rapid)"]
[EventRounds "9"]
[EventCountry "COL"]
[SourceTitle "CBM 220 Extra"]
[Source "ChessBase"]
[SourceDate "2024.07.31"]
[SourceVersion "1"]
[SourceVersionDate "2024.07.31"]
[SourceQuality "1"]

1. Nf3 c5 2. g3 Nc6 3. Bg2 d6 4. 0-0 g6 5. c3 Bg7 6. d4 Qc7 7. Be3 b6 8. Qa4 Bd7 9. Qc2 Nf6 10. h3 0-0 11. Na3 Rac8 12. Rac1 Qb7 13. Qd1 Qa6 14. d5 Nd8 15. Nh4 b5 16. Qd2 Re8 17. Ra1 Nb7 18. Nc2 Na5 19. b3 e6 20. dxe6 Bxe6 21. Rad1 d5 22. Bh6 Bh8 23. f4 Rcd8 24. f5 Bc8 25. Qg5 Re5 26. e4 Qb6 27. exd5 c4+ 28. Kh1 Nh5 29. d6 Bf6 30. Qg4 Rxd6 31. Nd4 cxb3 32. axb3 b4 33. Ndf3 Bxf5 34. Nxf5 Rxf5 35. cxb4 Nxb3 36. Kh2 Qc7 37. Qe4 Nxg3 38. Qe8# 1-0

[Event "American Continental Blitz 18th"]
[Site "Medellin"]
[Date "2024.05.29"]
[Round "7"]
[White "Ossa Quintero, Vladimir Andrey"]
[Black "Rodriguez, William Nicolas"]
[Result "0-1"]
[WhiteElo "1975"]
[BlackElo "1803"]
[PlyCount "110"]
[EventDate "2024.05.29"]
[EventType "swiss (blitz)"]
[EventRounds "9"]
[EventCountry "COL"]
[SourceTitle "CBM 220 Extra"]
[Source "ChessBase"]
[SourceDate "2024.07.31"]
[SourceVersion "1"]
[SourceVersionDate "2024.07.31"]
[SourceQuality "1"]

1. e4 e5 2. Nf3 Nc6 3. Bb5 Nf6 4. 0-0 Nxe4 5. Re1 Nd6 6. Nxe5 Nxe5 7. Rxe5+ Be7 8. Bf1 0-0 9. d4 Bf6 10. Re1 Nf5 11. c3 d5 12. Nd2 c6 13. Nf3 Nd6 14. Bd3 Bg4 15. Bf4 h6 16. h3 Bh5 17. Re3 Qd7 18. b3 Bg6 19. Bf1 Rfe8 20. Ne5 Bxe5 21. Bxe5 f6 22. Rg3 Kh7 23. Bxd6 Qxd6 24. Bd3 Bxd3 25. Qxd3+ Re4 26. Re3 f5 27. Rae1 Rae8 28. f3 Rxe3 29. Rxe3 Rxe3 30. Qxe3 Qa3 31. Qd2 a5 32. Kh2 b5 33. h4 b4 34. cxb4 Qxb4 35. Qc2 Qxd4 36. Qxf5+ Kh8 37. Kg3 Qf6 38. Qxf6 gxf6 39. Kf4 Kg7 40. g4 c5 41. h5 Kf7 42. Kf5 Ke7 43. f4 Kf7 44. a3 Ke7 45. a4 Kf7 46. g5 fxg5 47. fxg5 hxg5 48. h6 c4 49. b4 axb4 50. a5 b3 51. a6 b2 52. a7 b1Q+ 53. Ke5 Qb7 54. h7 Kg7 55. Kf5 Qxa7 0-1

[Event "Soacha Ventura op"]
[Site "Soacha"]
[Date "2023.12.11"]
[Round "8"]
[White "Intencipa Acosta, Fabian Armando"]
[Black "Ossa Quintero, Vladimir Andrey"]
[Result "0-1"]
[WhiteElo "1590"]
[BlackElo "2019"]
[PlyCount "98"]
[EventDate "2023.12.08"]
[EventType "swiss"]
[EventRounds "10"]
[EventCountry "COL"]
[SourceTitle "EXT 2025"]
[Source "ChessBase"]
[SourceDate "2024.10.14"]
[SourceVersion "1"]
[SourceVersionDate "2024.10.14"]
[SourceQuality "1"]

1. e4 d5 2. e5 c5 3. f4 Nc6 4. Nf3 Qb6 5. Nc3 e6 6. g4 Nh6 7. h3 Be7 8. Bg2 c4 9. Na4 Qa5 10. b3 b5 11. Nc3 f6 12. 0-0 0-0 13. Ne2 fxe5 14. fxe5 Qc7 15. Bb2 Nf7 16. d4 cxd3 17. cxd3 Ncxe5 18. Rc1 Qd6 19. Bd4 Nd7 20. Bf2 Bb7 21. Ned4 a6 22. Qe2 Nd8 23. Rfe1 Re8 24. g5 Nf8 25. h4 Qf4 26. Be3 Qg4 27. Bf2 Bb4 28. Rf1 Ng6 29. Nh2 Qf4 30. Qg4 e5 31. Nf5 Qxg4 32. Nxg4 Nf4 33. Rc7 Bf8 34. Nfh6+ Kh8 35. Nf5 Nxg2 36. Kxg2 Bc8 37. Nfh6 Bd6 38. Nf7+ Nxf7 39. Rxf7 Bxg4 40. Bg3 Be2 41. R1f2 Bxd3 42. Rd7 Rad8 43. Rxd6 Rxd6 44. Bxe5 Rde6 45. Bd4 Re2 46. Kf3 Rf8+ 47. Kg3 Rfxf2 48. Bxf2 Rxa2 49. Bd4 Kg8 0-1

[Event "Medellin Raza op"]
[Site "Medellin"]
[Date "2021.10.10"]
[Round "8"]
[White "Garces Trujillo, Luis Javier"]
[Black "Ossa Quintero, Vladimir Andrey"]
[Result "0-1"]
[WhiteElo "1824"]
[BlackElo "2021"]
[PlyCount "68"]
[EventDate "2021.10.06"]
[EventType "swiss"]
[EventRounds "9"]
[EventCountry "COL"]
[SourceTitle "EXT 2023"]
[Source "ChessBase"]
[SourceDate "2022.10.05"]
[SourceVersion "1"]
[SourceVersionDate "2022.10.05"]
[SourceQuality "1"]

1. e4 d6 2. d4 c6 3. Bd3 e5 4. Ne2 Nf6 5. h3 Be7 6. Be3 Nbd7 7. 0-0 h6 8. f4 Qc7 9. c4 c5 10. fxe5 dxe5 11. d5 Nf8 12. Ng3 g5 13. Nc3 a6 14. Rb1 Ng6 15. Nh5 Nxh5 16. Qxh5 Nf4 17. Bxf4 gxf4 18. Bc2 Qd6 19. Ba4+ Kf8 20. Kf2 Rg8 21. Rg1 Rg5 22. Qd1 Kg7 23. Ne2 b5 24. Bb3 Qg6 25. Qd3 f5 26. Qc3 fxe4 27. Bc2 b4 28. Qb3 a5 29. Qa4 Ra7 30. Qc6 e3+ 31. Kf3 Qxc2 32. Qxc8 e4+ 33. Kxf4 Qxe2 34. Qe6 Bf6 0-1

[Event "Medellin Raza op"]
[Site "Medellin"]
[Date "2021.10.10"]
[Round "9"]
[White "Ossa Quintero, Vladimir Andrey"]
[Black "Toro Castaneda, Miguel Angel"]
[Result "1-0"]
[WhiteElo "2021"]
[BlackElo "1976"]
[PlyCount "59"]
[EventDate "2021.10.06"]
[EventType "swiss"]
[EventRounds "9"]
[EventCountry "COL"]
[SourceTitle "EXT 2023"]
[Source "ChessBase"]
[SourceDate "2022.10.05"]
[SourceVersion "1"]
[SourceVersionDate "2022.10.05"]
[SourceQuality "1"]

1. d3 e5 2. c3 d6 3. e4 g6 4. h4 Nf6 5. Be2 h6 6. g4 Be6 7. d4 exd4 8. cxd4 d5 9. e5 Ne4 10. Bf4 Be7 11. h5 Bg5 12. Qc1 c6 13. Nh3 gxh5 14. gxh5 Bxh3 15. Rxh3 Rg8 16. Nc3 Qa5 17. Kf1 Nxc3 18. bxc3 Nd7 19. Rg3 0-0-0 20. Bg4 Bh4 21. Rg2 Qb5+ 22. Kg1 Qd3 23. Qe3 Qh7 24. e6 fxe6 25. Qxe6 Bg5 26. Bh2 Qe7 27. Re1 Rde8 28. f4 Bf6 29. Qxe7 Bxe7 30. Rxe7 1-0

[Event "Medellin Raza op"]
[Site "Medellin"]
[Date "2021.10.08"]
[Round "5"]
[White "Mora Munoz, Alejandro"]
[Black "Ossa Quintero, Vladimir Andrey"]
[Result "1-0"]
[WhiteElo "1880"]
[BlackElo "2021"]
[PlyCount "117"]
[EventDate "2021.10.06"]
[EventType "swiss"]
[EventRounds "9"]
[EventCountry "COL"]
[SourceTitle "EXT 2023"]
[Source "ChessBase"]
[SourceDate "2022.10.05"]
[SourceVersion "1"]
[SourceVersionDate "2022.10.05"]
[SourceQuality "1"]

1. e4 g6 2. d4 Bg7 3. Nc3 d6 4. Be3 c6 5. Qd2 Nd7 6. f3 h5 7. 0-0-0 Qa5 8. h4 b5 9. Kb1 Rb8 10. Nh3 Nb6 11. Nf2 b4 12. Ne2 Nc4 13. Qc1 Be6 14. b3 Na3+ 15. Ka1 Nb5 16. Nd3 Rb6 17. Ndf4 Bd7 18. a4 e5 19. dxe5 Bxe5+ 20. Kb1 c5 21. Nd3 Bg7 22. Nb2 Na3+ 23. Ka2 Ne7 24. Bf4 Nc8 25. g3 c4 26. Rd5 Qa6 27. Nd4 Ne7 28. Nxc4 Nxd5 29. exd5 Nxc4 30. Bxc4 Qa5 31. Re1+ Kf8 32. Nc6 Bxc6 33. dxc6 Rxc6 34. Qe3 Be5 35. Bxe5 dxe5 36. f4 Qc5 37. Qxe5 Qxe5 38. Rxe5 f6 39. Rb5 Rb6 40. Rc5 Rh7 41. a5 Rbb7 42. Rc6 Kg7 43. a6 Re7 44. c3 bxc3 45. b4 c2 46. Kb2 Kh6 47. Kxc2 Rc7 48. Bd5 Rhe7 49. b5 Kg7 50. Kc3 Rxc6+ 51. Bxc6 Re3+ 52. Kb4 Re1 53. Kc5 Rd1 54. b6 Rc1+ 55. Kd6 axb6 56. a7 Rd1+ 57. Bd5 Ra1 58. a8Q Rxa8 59. Bxa8 1-0

[Event "Medellin Raza op"]
[Site "Medellin"]
[Date "2021.10.06"]
[Round "1"]
[White "Ortiz Monsalve, Sebastian"]
[Black "Ossa Quintero, Vladimir Andrey"]
[Result "1/2-1/2"]
[WhiteElo "1439"]
[BlackElo "2021"]
[PlyCount "90"]
[EventDate "2021.10.06"]
[EventType "swiss"]
[EventRounds "9"]
[EventCountry "COL"]
[SourceTitle "EXT 2023"]
[Source "ChessBase"]
[SourceDate "2022.10.05"]
[SourceVersion "1"]
[SourceVersionDate "2022.10.05"]
[SourceQuality "1"]

1. e4 d6 2. d4 c6 3. Nf3 Qc7 4. Be3 e5 5. c3 Nf6 6. Nbd2 Be7 7. Be2 Bg4 8. h3 Bh5 9. Qc2 Nbd7 10. a4 h6 11. Rc1 g5 12. Nf1 Bg6 13. Bd3 Nf8 14. g4 Ne6 15. Ng3 h5 16. gxh5 Nxh5 17. Nf5 Bxf5 18. exf5 Nef4 19. Bf1 f6 20. Rg1 0-0-0 21. h4 Rdg8 22. hxg5 fxg5 23. f6 Bxf6 24. Qf5+ Qd7 25. Qxd7+ Kxd7 26. dxe5 dxe5 27. Bxa7 g4 28. Nd2 Nh3 29. Rxg4 N5f4 30. Ne4 Be7 31. Rd1+ Kc7 32. Rg3 b6 33. a5 bxa5 34. Bc5 Bxc5 35. Nxc5 Rxg3 36. fxg3 Nd5 37. c4 Nf6 38. Ne6+ Kb7 39. Rd6 Ne4 40. Rd7+ Kb6 41. Re7 c5 42. Nc7 Nhg5 43. Nd5+ Kc6 44. Bg2 Kd6 45. Ra7 Nxg3 1/2-1/2

[Event "COL-ch Amateur U2000"]
[Site "Paipa"]
[Date "2020.03.01"]
[Round "8"]
[White "Rojas Castillo, Leibnitz Edison"]
[Black "Ossa Quintero, Vladimir Andrey"]
[Result "0-1"]
[WhiteElo "1707"]
[BlackElo "1999"]
[PlyCount "82"]
[EventDate "2020.02.26"]
[EventType "swiss"]
[EventRounds "9"]
[EventCountry "COL"]
[SourceTitle "CBM 195 Extra"]
[Source "ChessBase"]
[SourceDate "2020.05.31"]
[SourceVersion "1"]
[SourceVersionDate "2020.05.31"]
[SourceQuality "1"]

1. e4 d6 2. Nc3 c6 3. d4 Qc7 4. Be3 e5 5. f3 Nf6 6. Nge2 Be7 7. Ng3 b5 8. Qd2 a6 9. a4 b4 10. Nd1 c5 11. dxe5 dxe5 12. Bc4 Nc6 13. Nf2 Na5 14. Ba2 0-0 15. Nd3 Rd8 16. Qf2 b3 17. Bb1 Nc4 18. cxb3 Nxe3 19. Qxe3 Be6 20. 0-0 c4 21. Nf2 cxb3 22. Nf5 Bf8 23. Bd3 Qa5 24. Rfc1 Rac8 25. Qe1 Rxc1 26. Qxc1 Bc5 27. Be2 Qb6 28. Qe1 Bb4 29. a5 Qc5 30. Qc1 Rd2 31. Qxc5 Bxc5 32. Rd1 Rxd1+ 33. Bxd1 g6 34. Ng3 Bd4 35. Nf1 Nd7 36. Nd2 Nc5 37. Kf1 Bxb2 38. Ke2 Bc3 39. Nd3 Nxd3 40. Kxd3 Bxd2 41. Kxd2 b2 0-1

[Event "COL-ch Amateur U2000"]
[Site "Paipa"]
[Date "2020.02.28"]
[Round "4"]
[White "Castillo Barajas, Jonhatan"]
[Black "Ossa Quintero, Vladimir Andrey"]
[Result "0-1"]
[WhiteElo "1807"]
[BlackElo "1999"]
[PlyCount "78"]
[EventDate "2020.02.26"]
[EventType "swiss"]
[EventRounds "9"]
[EventCountry "COL"]
[SourceTitle "CBM 195 Extra"]
[Source "ChessBase"]
[SourceDate "2020.05.31"]
[SourceVersion "1"]
[SourceVersionDate "2020.05.31"]
[SourceQuality "1"]

1. c4 g6 2. Nc3 Bg7 3. g3 c5 4. Bg2 Nc6 5. Nf3 d6 6. 0-0 Nf6 7. e3 Be6 8. Qe2 h6 9. Ne1 Qd7 10. d3 Bh3 11. Nd5 Bxg2 12. Kxg2 Nxd5 13. cxd5 Nb4 14. e4 b5 15. a3 Na6 16. Rb1 b4 17. d4 Qb7 18. dxc5 Nxc5 19. Nd3 Qb5 20. Nf4 Qxe2 21. Nxe2 bxa3 22. bxa3 Nxe4 23. Rb7 Nc5 24. Rc7 Kd8 25. Rc6 Kd7 26. Be3 Rhc8 27. Rxc8 Rxc8 28. Rb1 g5 29. Nd4 e6 30. dxe6+ fxe6 31. Nb3 Ne4 32. Na5 Rc7 33. Rb8 d5 34. Rg8 Kd6 35. Rd8+ Ke7 36. Rg8 Kf7 37. Rd8 Bf6 38. Rb8 d4 39. f3 Rc2+ 0-1

[Event "COL-chB U2200"]
[Site "Antioquia"]
[Date "2018.12.07"]
[Round "3"]
[White "Ossa Quintero, Vladimir Andrey"]
[Black "Nieto Medina, Agustin"]
[Result "0-1"]
[WhiteElo "2015"]
[BlackElo "2110"]
[PlyCount "104"]
[EventDate "2018.12.06"]
[EventType "swiss"]
[EventRounds "7"]
[EventCountry "COL"]
[SourceTitle "CBM 190 Extra"]
[Source "ChessBase"]
[SourceDate "2019.07.15"]
[SourceVersion "1"]
[SourceVersionDate "2019.07.15"]
[SourceQuality "1"]

1. d4 Nf6 2. Bg5 c5 3. c3 cxd4 4. cxd4 Ne4 5. Bf4 Qa5+ 6. Nc3 Nc6 7. Qd3 d5 8. f3 Nf6 9. e4 e6 10. Nge2 Be7 11. e5 Nd7 12. Bd2 a6 13. a3 Qd8 14. Rc1 0-0 15. f4 f6 16. g3 fxe5 17. fxe5 Ndxe5 18. dxe5 Nxe5 19. Qc2 Nf3+ 20. Kd1 d4 21. Nf4 dxc3 22. Qxc3 Nxd2 23. Qxd2 Qxd2+ 24. Kxd2 e5 25. Bc4+ Kh8 26. Rce1 Bg5 27. Rxe5 Rxf4 28. gxf4 Bxf4+ 29. Re3 Bg4 30. Rf1 Rd8+ 31. Bd3 Bh6 32. Rfe1 Bf5 33. Kc3 Bxe3 34. Rxe3 Rxd3+ 35. Rxd3 Bxd3 36. Kxd3 g5 37. Kd4 Kg7 38. Kc5 h5 39. Kb6 g4 40. Kxb7 h4 41. Kxa6 g3 42. hxg3 hxg3 43. b4 g2 44. b5 g1Q 45. a4 Qc5 46. a5 Qc8+ 47. Ka7 Qc7+ 48. Ka6 Kf6 49. b6 Qb8 50. b7 Ke6 51. Kb6 Kd7 52. a6 Kd6 0-1

[Event "Medellin Aristizabal Cup"]
[Site "Medellin"]
[Date "2018.07.08"]
[Round "7"]
[White "Ossa Quintero, Vladimir Andrey"]
[Black "Leon Acevedo, Juan Alejandro"]
[Result "1/2-1/2"]
[WhiteElo "2000"]
[BlackElo "1714"]
[PlyCount "20"]
[EventDate "2018.07.04"]
[EventType "swiss"]
[EventRounds "7"]
[EventCountry "COL"]
[SourceTitle "CBM 185 Extra"]
[Source "ChessBase"]
[SourceDate "2018.07.29"]
[SourceVersion "1"]
[SourceVersionDate "2018.07.29"]
[SourceQuality "1"]

1. d4 Nf6 2. Bg5 g6 3. Nc3 d5 4. Qd2 Bg7 5. 0-0-0 0-0 6. h4 Nc6 7. Bh6 e6 8. f3 Qe7 9. h5 a6 10. g4 b5 1/2-1/2

[Event "Medellin Aristizabal Cup"]
[Site "Medellin"]
[Date "2018.07.07"]
[Round "4"]
[White "Ospina Castro, Santiago"]
[Black "Ossa Quintero, Vladimir Andrey"]
[Result "1-0"]
[WhiteElo "1842"]
[BlackElo "2000"]
[PlyCount "111"]
[EventDate "2018.07.04"]
[EventType "swiss"]
[EventRounds "7"]
[EventCountry "COL"]
[SourceTitle "CBM 185 Extra"]
[Source "ChessBase"]
[SourceDate "2018.07.29"]
[SourceVersion "1"]
[SourceVersionDate "2018.07.29"]
[SourceQuality "1"]

1. e4 g6 2. d4 Bg7 3. Nf3 d6 4. Be2 Nf6 5. Nc3 c6 6. h3 b5 7. e5 dxe5 8. dxe5 Qxd1+ 9. Nxd1 Nfd7 10. Bf4 Bb7 11. Ne3 Nc5 12. c4 a6 13. 0-0 0-0 14. Rfd1 b4 15. Nc2 a5 16. Ncd4 Nbd7 17. Bh2 Rfd8 18. Re1 Nf8 19. Rad1 Na4 20. Nb3 Rxd1 21. Bxd1 Nxb2 22. Nc5 Bc8 23. Be2 Ne6 24. Nxe6 Bxe6 25. Nd4 Bxc4 26. Nxc6 Bf8 27. Bxc4 Nxc4 28. e6 fxe6 29. Rxe6 Kf7 30. Re4 Nd6 31. Re5 Rc8 32. Rc5 Ke8 33. Bxd6 exd6 34. Rc4 d5 35. Rc2 Bd6 36. Nxb4 Rb8 37. Nd3 Rb1+ 38. Rc1 Rxc1+ 39. Nxc1 Kd7 40. Kf1 Kc6 41. Ke2 Kb5 42. Kd3 Bf4 43. Ne2 Be5 44. Nd4+ Bxd4 45. Kxd4 Kb4 46. f4 Ka3 47. g4 Kxa2 48. f5 a4 49. f6 a3 50. f7 Kb2 51. f8Q a2 52. Qb4+ Kc2 53. Qa3 Kb1 54. Qb3+ Ka1 55. Qc2 g5 56. Qc1# 1-0

[Event "COL pre olympic sf3"]
[Site "Dosquebradas"]
[Date "2018.06.03"]
[Round "9"]
[White "Lora, Joel Fernando"]
[Black "Ossa Quintero, Vladimir Andrey"]
[Result "1-0"]
[WhiteElo "2190"]
[BlackElo "1985"]
[PlyCount "45"]
[EventDate "2018.05.30"]
[EventType "swiss"]
[EventRounds "10"]
[EventCountry "COL"]
[SourceTitle "CBM 184 Extra"]
[Source "ChessBase"]
[SourceDate "2018.06.28"]
[SourceVersion "1"]
[SourceVersionDate "2018.06.28"]
[SourceQuality "1"]

1. d4 d6 2. Nf3 c6 3. e4 Qc7 4. Bd3 e5 5. c3 Be7 6. 0-0 Nf6 7. h3 0-0 8. Re1 Re8 9. dxe5 dxe5 10. Bc4 b5 11. Bb3 Na6 12. Bg5 Nc5 13. Bc2 a5 14. a3 Be6 15. Nbd2 Rad8 16. Qe2 Rd7 17. Bh4 Nh5 18. Ng5 Nf4 19. Qe3 Bxh3 20. gxh3 Qd8 21. Ndf3 h6 22. Nxf7 Kxf7 23. Nxe5+ 1-0

[Event "COL pre olympic sf3"]
[Site "Dosquebradas"]
[Date "2018.06.03"]
[Round "8"]
[White "Ossa Quintero, Vladimir Andrey"]
[Black "Franco Valencia, Beatriz Irene"]
[Result "1/2-1/2"]
[WhiteElo "1985"]
[BlackElo "2205"]
[PlyCount "41"]
[EventDate "2018.05.30"]
[EventType "swiss"]
[EventRounds "10"]
[EventCountry "COL"]
[SourceTitle "CBM 184 Extra"]
[Source "ChessBase"]
[SourceDate "2018.06.28"]
[SourceVersion "1"]
[SourceVersionDate "2018.06.28"]
[SourceQuality "1"]

1. d3 g6 2. c3 Bg7 3. Qc2 d5 4. e4 e5 5. Be2 h6 6. Nf3 Ne7 7. Be3 Nbc6 8. Nbd2 0-0 9. Bc5 Re8 10. 0-0 g5 11. Rfd1 Ng6 12. d4 exd4 13. Nxd4 Nxd4 14. Bxd4 Bxd4 15. cxd4 dxe4 16. Nxe4 Nf4 17. Bf1 Bf5 18. f3 Nd5 19. Re1 Bg6 20. Qf2 Kg7 21. a3 1/2-1/2

[Event "COL pre olympic sf3"]
[Site "Dosquebradas"]
[Date "2018.06.02"]
[Round "7"]
[White "Rodriguez Velasco, German Enrique"]
[Black "Ossa Quintero, Vladimir Andrey"]
[Result "0-1"]
[WhiteElo "2070"]
[BlackElo "1985"]
[PlyCount "96"]
[EventDate "2018.05.30"]
[EventType "swiss"]
[EventRounds "10"]
[EventCountry "COL"]
[SourceTitle "CBM 184 Extra"]
[Source "ChessBase"]
[SourceDate "2018.06.28"]
[SourceVersion "1"]
[SourceVersionDate "2018.06.28"]
[SourceQuality "1"]

1. d4 d6 2. Nf3 a6 3. g3 b5 4. Bg2 Bb7 5. 0-0 Nf6 6. Nbd2 e6 7. Re1 Be7 8. e4 0-0 9. b3 Nbd7 10. Bb2 c5 11. e5 Ne8 12. Ne4 cxd4 13. Bxd4 d5 14. Ned2 Qc7 15. Nf1 Rc8 16. Ne3 Bb4 17. Re2 Bc3 18. Rc1 f6 19. exf6 Nexf6 20. Ng5 Rfe8 21. Bh3 Qd6 22. Ng2 e5 23. Bxc3 Rxc3 24. f4 e4 25. Qd4 Qc5 26. Qxc5 Nxc5 27. f5 b4 28. Rd1 Ncd7 29. Ne3 Ne5 30. Ne6 Nf3+ 31. Kf2 a5 32. Bg2 Ba6 33. Bxf3 exf3 34. Kxf3 Bxe2+ 35. Kxe2 g6 36. g4 h5 37. h3 gxf5 38. gxf5 Kf7 39. Ng5+ Ke7 40. Nxd5+ Nxd5 41. Rxd5 Kf6+ 42. Ne6 Rxc2+ 43. Kf3 Rxa2 44. Nf4 Re5 45. Nxh5+ Kxf5 46. Rd6 Rc5 47. Ng3+ Ke5 48. Ne4 Rd5 0-1

[Event "COL pre olympic sf3"]
[Site "Dosquebradas"]
[Date "2018.06.01"]
[Round "5"]
[White "Tovio, Israel"]
[Black "Ossa Quintero, Vladimir Andrey"]
[Result "1-0"]
[WhiteElo "2280"]
[BlackElo "1985"]
[PlyCount "47"]
[EventDate "2018.05.30"]
[EventType "swiss"]
[EventRounds "10"]
[EventCountry "COL"]
[SourceTitle "CBM 184 Extra"]
[Source "ChessBase"]
[SourceDate "2018.06.28"]
[SourceVersion "1"]
[SourceVersionDate "2018.06.28"]
[SourceQuality "1"]

1. e4 d6 2. d4 c6 3. Bd3 Qc7 4. Ne2 e5 5. 0-0 Nf6 6. h3 Be7 7. Be3 0-0 8. f4 c5 9. c3 cxd4 10. cxd4 Nc6 11. Na3 exd4 12. Nxd4 a6 13. Rc1 Bd7 14. Nc4 d5 15. Nxc6 Bxc6 16. Nb6 Rad8 17. exd5 Nxd5 18. Nxd5 Rxd5 19. Bxh7+ Kxh7 20. Qxd5 Bf6 21. Qc5 Rd8 22. Rcd1 Bxb2 23. Rxd8 Qxd8 24. Qc2+ 1-0

[Event "COL pre olympic sf3"]
[Site "Dosquebradas"]
[Date "2018.05.31"]
[Round "3"]
[White "Avila Pavas, Santiago"]
[Black "Ossa Quintero, Vladimir Andrey"]
[Result "1-0"]
[WhiteElo "2227"]
[BlackElo "1985"]
[PlyCount "36"]
[EventDate "2018.05.30"]
[EventType "swiss"]
[EventRounds "10"]
[EventCountry "COL"]
[SourceTitle "CBM 184 Extra"]
[Source "ChessBase"]
[SourceDate "2018.06.28"]
[SourceVersion "1"]
[SourceVersionDate "2018.06.28"]
[SourceQuality "1"]

1. e4 d6 2. d4 Nf6 3. Nc3 c6 4. h3 Qc7 5. Nf3 e5 6. Be3 Be7 7. Be2 0-0 8. 0-0 b5 9. a3 a6 10. Bd3 Bb7 11. Bg5 Nbd7 12. Ne2 c5 13. c3 Rfe8 14. Ng3 Bf8 15. dxe5 dxe5 16. b4 c4 17. Bc2 a5 18. Qe2 Ra6 1-0

[Event "COL-ch Amateur U2000"]
[Site "Bogota"]
[Date "2018.02.16"]
[Round "2.8"]
[White "Ossa Quintero, Vladimir Andrey"]
[Black "Latorre, Franklin Leandro"]
[Result "1-0"]
[WhiteElo "1949"]
[BlackElo "1816"]
[PlyCount "55"]
[EventDate "2018.02.15"]
[EventType "swiss"]
[EventRounds "7"]
[EventCountry "COL"]
[SourceTitle "EXT 2024"]
[Source "ChessBase"]
[SourceDate "2023.10.10"]
[SourceVersion "1"]
[SourceVersionDate "2023.10.10"]
[SourceQuality "1"]

1. e4 c6 2. d4 d5 3. e5 Bf5 4. g4 Be4 5. f3 Bg6 6. Ne2 e6 7. h4 h5 8. g5 c5 9. Nf4 Ne7 10. c3 cxd4 11. cxd4 Nbc6 12. Nc3 Qb6 13. Bb5 Nf5 14. Bxc6+ bxc6 15. Nce2 Bb4+ 16. Kf2 0-0 17. Kg2 Rab8 18. Ng3 Be7 19. Nxf5 exf5 20. b3 Rfc8 21. Be3 Qd8 22. Rc1 Bxg5 23. hxg5 Qxg5+ 24. Kf2 a5 25. Nxh5 f4 26. Nxf4 a4 27. Qf1 axb3 28. Qh3 1-0